000
00302nam a2200109 4500
008
240910b |||||||| |||| 00| 0 eng d
040
_a
National Science Library
_c
National Science Library
080
_a
581.9(55)
245
_a
Flora iranica
260
_a
Austria
_b
Akademischie druck
942
_c
REF
_2
udc
999
_c
66841
_d
66841